Cite os craques das Copas de 1930 á 2022. Até o dia 9/12/2022. - Statistics

Estatísticas Gerais
  • Esse quiz foi jogado 89 vezes
  • A pontuação média é 12 de 29
Estatísticas das Respostas
Resposta Dica % Correto
Pelé Sou o rei!
88%
Lionel Messi Levei a Argentina a uma final de copa. Sou um E.T gênial.
76%
Lionel Messi Estou levando minha a Argentina para a final da copa. Hoje tirei a Holanda.
76%
Mbappé Sou o artilheiro da Copa de 2022. Sou francês e muitos brasileiros me odeiam.
74%
Zidane Fui o grande craque da copa de 98 pela França. Cabeçada!
72%
Zidane Fui o grande craque da Copa de 06 pela França. Cabeçada!
72%
Romário Fui o craque de 94 pelo Brasil. Nesta Copa, só não fiz chover. Sou senador reeleito pelo RJ.
71%
Ronaldo Fenômeno Fui o grande craque da copa de 2000, mesmo com o joelho detonado. Meti o corte cascão.
67%
Diego Maradona Sou eu da La Mano de Diós.
64%
Luka Modric Fui o grande responsável pela excelente campanha da Croácia em 2018. Sou um meia do Real Madrid.
63%
Garrincha Fui o grande craque de 62; Carreguei o Brasil nas costas.
62%
Manuel Neuer Fui o goleiro da Alemanha em 2014. Fiz milagres.
62%
Cannavaro Fui o zagueiro da Itália de 2006. Fui eleito melhor do mundo neste ano em decorrência das minhas atuações nesta copa.
50%
Forlán Levei o Uruguai a uma formidável semi-final de copa do mundo, feito que não acontecia a anos.
43%
Leônidas da Silva Fui o primeiro jogador a dar uma bicicleta segundo o Pelé.
43%
Giuseppe Meazza Fui uma lenda da Inter. O grande estado do meu país que é compartilhado por rivais, tem meu nome.
38%
Paolo Rossi Fui o carrasco italiano de 82. Fui artilheiro e craque desta copa.
33%
Didi Fui o maestro do Brasil de 58.
28%
Jairzinho Fui um craque do Cruzeiro e do Brasil de 70.
25%
Mario Kempes Carreguei a Argentina nas costas em 78.
25%
Johan Cruijff Sou o grande craque da Holanda. Sou o futebol total.
17%
Ferenc Puskás Fui o craque de 54.
12%
Davi Villa Fui o grande craque da Espanha do tiki-taka de 2010.
9%
Alcides Ghiggia Fui o carrasco de 50..
7%
Ademir da Guia Fui o artilheiro de 50.
5%
Guilhermo Stábile Fui artilheiro da primeira copa.
3%
Schillaci Fui o artilheiro de 90 pela Itália.
1%
Grzegorz Lato Fui o artilheiro de 74.
0%
Sandor Kocisis Fui o artilheiro de 54.
0%
Nenhum quiz correspondente encontrado
Distribuição das Pontuações
Porcentagem de Pessoas com Cada Pontuação
Percentil de Números Respondidos
Sua Pontuação Histórica
Você não jogou esse quiz